مكتبة جامعة عجلون الوطنية

فهرس بحث المكتبة

موسوعة المصطلحات الفطرية المصورة = PICTORIAL ENCYCLOPEDIA OF THE FUNGAL TERMINOLOGY / (Record no. 33205)

MARC details
000 -LEADER
fixed length control field 00816nam a22002177a 4500
003 - CONTROL NUMBER IDENTIFIER
control field JO-AjAnu
005 - DATE AND TIME OF LATEST TRANSACTION
control field 20231202102225.0
008 - FIXED-LENGTH DATA ELEMENTS--GENERAL INFORMATION
fixed length control field 231202b jo ||||| |||| 00| 0 ara d
022 ## - INTERNATIONAL STANDARD SERIAL NUMBER
Source 9789778126143
040 ## - CATALOGING SOURCE
Original cataloging agency JO-AjAnu
Language of cataloging ara
Transcribing agency JO-AjAnu
Modifying agency JO-AjAnu
041 #1 - LANGUAGE CODE
Language code of text/sound track or separate title ara
-- eng
Language code of original ara
050 ## - LIBRARY OF CONGRESS CALL NUMBER
Classification number SB600
Item number 2021
100 #1 - MAIN ENTRY--PERSONAL NAME
Personal name أحمد، محمد علي
9 (RLIN) 64561
Relator term مؤلف
245 #0 - TITLE STATEMENT
Title موسوعة المصطلحات الفطرية المصورة = PICTORIAL ENCYCLOPEDIA OF THE FUNGAL TERMINOLOGY /
Statement of responsibility, etc. محمد علي احمد
250 ## - EDITION STATEMENT
Edition statement الطبعة الاولى
260 ## - PUBLICATION, DISTRIBUTION, ETC.
Place of publication, distribution, etc. القاهرة :
Name of publisher, distributor, etc. المكتب العربي للمعارف،
Date of publication, distribution, etc. 2021
300 ## - PHYSICAL DESCRIPTION
Extent 1200 صفحة
500 ## - GENERAL NOTE
General note يحتوي على صور
650 #0 - SUBJECT ADDED ENTRY--TOPICAL TERM
Topical term or geographic name entry element النباتات-امراض وحشرات-معاجم
9 (RLIN) 64568
942 ## - ADDED ENTRY ELEMENTS (KOHA)
Source of classification or shelving scheme Library of Congress Classification
Koha item type Reference
Suppress in OPAC No
Holdings
Withdrawn status Lost status Source of classification or shelving scheme Damaged status Not for loan Home library Current library Date acquired Total Checkouts Full call number Barcode Date last seen Price effective from Koha item type
    Library of Congress Classification     مكتبة جامعة عجلون الوطنية مكتبة جامعة عجلون الوطنية 02/12/2023   SB600 2021 A29680 02/12/2023 02/12/2023 Reference